Agrobiologické aspekty pestovania jedlých zemolezov, obsah nutričných látok a autokyanínov v plodoch vedecká monografia

Bibliographic Details
Main Authors: Matuškovič, Ján, 1942-2025 (Author), Juríková, Tünde, 1975- (Author), Hegedűsová, Alžbeta, 1953- (Author), Ložek, Otto, 1948- (Author), Jurík, Ivan (Author), Moravčík, Ľuboš (Author), Hegedűs, Ondrej, 1953- (Author)
Format: Book
Language:Slovak
PhysicalDescription:133, [8] s. fareb. fotogr. fotogr., tab. 22 cm
Published: Nitra Slovenská poľnohospodárska univerzita 2010
ISBN:9788055203300
Edition:1. vyd.
Subjects:

MARC

LEADER 00000nam a2200000 a 4500
001 vtls010100343
003 SK-MaSNL
005 20260601094217.0
008 240315s2010 xo odl f a 000 0 slo
020 |a 9788055203300  |q (brož.) 
035 |a 40A1A526-2908-48C0-B50B-A48DCFC2C582 
035 |a urn:nbn:sk:snk-amjfzg 
035 |a urn:nbn:sk:snk-am001rfr 
040 |a SNK  |b slo  |c SNK  |e AACR2 
041 0 |a slo  |b slo  |b eng 
044 |a xo  |c SK 
072 7 |a 633  |x Rastlinná výroba  |2 konspekt 
080 |a 582.971  |2 2001 
080 |a 641.1  |2 2001 
080 |a 633/635  |2 2001 
080 |a (048.8)  |2 2001 
100 1 |a Matuškovič, Ján,  |b 1942-2025  |4 aut  |9 1639769 
245 1 0 |a Agrobiologické aspekty pestovania jedlých zemolezov, obsah nutričných látok a autokyanínov v plodoch  |b vedecká monografia  |c Ján Matuškovič a kolektív 
250 |a 1. vyd. 
260 |a Nitra  |b Slovenská poľnohospodárska univerzita  |c 2010 
300 |a 133, [8] s. fareb. fotogr.  |b fotogr., tab.  |c 22 cm 
366 |e 110 výt. 
504 |a Bibliogr. s. 125-126 
546 |a Res. slov., angl. 
650 0 7 |a zemolez  |2 SNKPH  |9 81674 
650 0 7 |a nutričná hodnota potravín  |2 SNKPH  |9 68648 
650 0 7 |a pestovanie rastlín  |2 SNKPH  |9 29223 
655 7 |a monografie  |2 SNKPH  |9 70139 
700 1 |a Juríková, Tünde,  |d 1975-  |4 aut  |9 50322 
700 1 |a Hegedűsová, Alžbeta,  |d 1953-  |4 aut  |9 196245 
700 1 |a Ložek, Otto,  |d 1948-  |4 aut  |9 101838 
700 1 |a Jurík, Ivan  |4 aut  |9 607027 
700 1 |a Moravčík, Ľuboš  |4 aut  |9 11232 
700 1 |a Hegedűs, Ondrej,  |d 1953-  |4 aut  |9 250169 
852 |a Štátna vedecká knižnica v Banskej Bystrici 
919 |a 978-80-552-0330-0 
958 |a NB 
958 |a OND 
968 |d 63 
999 |c 1176946  |d 1178876 
952 |a SNK  |b SNK  |y PREZ  |7 0  |p 17A0660266  |o snkSC 140455  |i snk2010/11380  |8 0  |0 0  |1 0  |4 0  |d 2010-05-27  |f 1  |l 0  |r 2025-07-08 00:00:00  |w 2026-02-24 
952 |a SNK  |b SNK  |y VYP  |7 0  |p 17A0660267  |o snkSC 140455 D1  |i snk2010/11381  |8 0  |0 0  |1 0  |4 0  |d 2010-05-27  |l 0  |r 2026-02-24 21:25:42  |w 2026-02-24